[Event "GER-chT U16"]
[Site "Kiel"]
[Date "2022.07.25"]
[Round "6.4"]
[White "Zeuner, Ole"]
[Black "Boissel, Kasimir"]
[Result "1/2-1/2"]
[WhiteElo "1796"]
[BlackElo "1781"]
[PlyCount "103"]
[EventDate "2022.07.22"]
[EventType "team-swiss"]
[EventRounds "7"]
[EventCountry "GER"]
[SourceTitle "CBM 209 Extra"]
[Source "ChessBase"]
[SourceDate "2022.09.30"]
[SourceVersion "1"]
[SourceVersionDate "2022.09.30"]
[SourceQuality "1"]
[WhiteTeam "Magdeburg Schachzwerge"]
[BlackTeam "Koenigsjaeger Sued West"]
[WhiteTeamCountry "GER"]
[BlackTeamCountry "GER"]

1. e4 e6 2. d4 d5 3. Nd2 c5 4. exd5 Qxd5 5. Ngf3 Nf6 6. Bc4 Qd8 7. 0-0 Nc6 8. Nb3 cxd4 9. Nbxd4 Bc5 10. Be3 Nxd4 11. Nxd4 Qe7 12. Qf3 0-0 13. h3 a6 14. Rad1 e5 15. Nb3 Bxe3 16. Qxe3 Bf5 17. c3 Rfd8 18. Rfe1 Rxd1 19. Rxd1 b5 20. Be2 h6 21. Bf3 e4 22. Nd4 Bg6 23. Re1 Qc5 24. Bd1 b4 25. cxb4 Qxb4 26. Bb3 a5 27. a3 Qb7 28. Qc3 Qb6 29. Nc6 Kh7 30. Ne5 Rb8 31. Bxf7 Bxf7 32. Nxf7 Qxb2 33. Qxa5 Rb5 34. Qa4 Rb3 35. Nd6 Rxa3 36. Qb5 Qxb5 37. Nxb5 Ra4 38. Nd6 Rd4 39. Nf5 Rd5 40. Ne3 Rd2 41. Rb1 Rd7 42. Kf1 Ra7 43. Rb2 Rc7 44. Ke2 Kg6 45. Rd2 Rc5 46. Rd4 Ra5 47. Nc4 Ra2+ 48. Ke3 h5 49. Nd2 Ra3+ 50. Ke2 Ra2 51. Rc4 Rb2 52. Rc5 1/2-1/2

[Event "GER-chT U16"]
[Site "Kiel"]
[Date "2022.07.24"]
[Round "4.2"]
[White "Boissel, Kasimir"]
[Black "Huo, Da"]
[Result "0-1"]
[WhiteElo "1781"]
[BlackElo "1858"]
[PlyCount "180"]
[EventDate "2022.07.22"]
[EventType "team-swiss"]
[EventRounds "7"]
[EventCountry "GER"]
[SourceTitle "CBM 209 Extra"]
[Source "ChessBase"]
[SourceDate "2022.09.30"]
[SourceVersion "1"]
[SourceVersionDate "2022.09.30"]
[SourceQuality "1"]
[WhiteTeam "Koenigsjaeger Sued West"]
[BlackTeam "Hamburger SK"]
[WhiteTeamCountry "GER"]
[BlackTeamCountry "GER"]

1. d4 Nf6 2. Nf3 e6 3. Nbd2 d5 4. e3 Be7 5. Be2 0-0 6. 0-0 c5 7. c3 Nc6 8. b3 Qc7 9. Bb2 Rd8 10. Qc2 b6 11. c4 Ba6 12. Rfd1 Rac8 13. Rac1 Qb8 14. Qb1 Rc7 15. Bf1 Qc8 16. h3 Na5 17. dxc5 bxc5 18. Bc3 Nb7 19. Be5 Nd6 20. Ng5 g6 21. Qb2 Nfe8 22. Ngf3 Rb7 23. Qc2 f6 24. Ba1 Nf5 25. e4 dxe4 26. Nxe4 e5 27. Nc3 Rbd7 28. Rxd7 Rxd7 29. Nd5 Bb7 30. Nxe7+ Rxe7 31. Bd3 e4 32. Re1 exd3 33. Qxd3 Rxe1+ 34. Nxe1 Qe6 35. Kf1 Ned6 36. Qc3 Nd4 37. Qd2 N4f5 38. Qf4 g5 39. Qd2 Kf7 40. Qa5 Ne4 41. Bc3 Nxc3 42. Qxc3 Nd4 43. Qa5 Qe7 44. Qd2 Qe4 45. Qa5 Kg6 46. Qd2 Qb1 47. f3 Bc8 48. Qe3 Kf7 49. Qc3 Qxa2 50. b4 Qe2+ 51. Kg1 Qd1 52. Kf2 Qe2+ 53. Kg1 cxb4 54. Qxb4 Nc2 55. Nxc2 Qxc2 56. Qc5 Qd1+ 57. Kh2 Qd7 58. Qa5 Qd6+ 59. Kh1 Qb6 60. Qd5+ Be6 61. Qe4 f5 62. Qe5 Qd8 63. c5 a5 64. c6 a4 65. c7 Qa8 66. h4 h6 67. hxg5 hxg5 68. Qc3 a3 69. c8Q Qxc8 70. Qxa3 g4 71. fxg4 fxg4 72. Qd6 Qc1+ 73. Kh2 Qh6+ 74. Kg1 Qe3+ 75. Kh2 Kg6 76. Qb8 Kf5 77. Qf8+ Ke5 78. Qb8+ Ke4 79. Qb4+ Qd4 80. Qe1+ Kf5 81. Qh4 Qf4+ 82. Kg1 Ke4 83. Qh7+ Ke3 84. Qb1 Qf2+ 85. Kh1 Bd5 86. Qb6+ Ke2 87. Qb2+ Kf1 88. Qc1+ Qe1 89. Qf4+ Bf3 90. Qc4+ Kf2+ 0-1

[Event "GER-chT U16"]
[Site "Kiel"]
[Date "2022.07.23"]
[Round "2.5"]
[White "Boissel, Kasimir"]
[Black "Weinberger, Maxim"]
[Result "1-0"]
[WhiteElo "1781"]
[BlackElo "1153"]
[PlyCount "135"]
[EventDate "2022.07.22"]
[EventType "team-swiss"]
[EventRounds "7"]
[EventCountry "GER"]
[SourceTitle "CBM 209 Extra"]
[Source "ChessBase"]
[SourceDate "2022.09.30"]
[SourceVersion "1"]
[SourceVersionDate "2022.09.30"]
[SourceQuality "1"]
[WhiteTeam "Koenigsjaeger Sued West"]
[BlackTeam "Kelheim"]
[WhiteTeamCountry "GER"]
[BlackTeamCountry "GER"]

1. d4 d5 2. Nf3 Nf6 3. e3 Nbd7 4. Nbd2 e6 5. Bd3 c5 6. c3 c4 7. Bc2 b5 8. e4 Be7 9. 0-0 0-0 10. Re1 b4 11. e5 Ng4 12. Nf1 f6 13. h3 Nh6 14. Bxh6 gxh6 15. Qd2 Kg7 16. Ng3 Qe8 17. cxb4 f5 18. a3 Nb6 19. Rec1 Bd7 20. Bd1 Rc8 21. h4 f4 22. Ne2 Qf7 23. b3 cxb3 24. Bxb3 Nc4 25. Bxc4 dxc4 26. Rc3 Bb5 27. Rac1 Ba6 28. Qc2 Qf5 29. Qa4 Bb7 30. Qxa7 Rb8 31. Qa5 Bxf3 32. Rxf3 Qe4 33. Qc7 Rbe8 34. Kf1 Kh8 35. Qxc4 Bxh4 36. Qc2 Qxc2 37. Rxc2 Bg5 38. Rfc3 Ra8 39. f3 Rfd8 40. Rb3 Kg8 41. Rc4 Ra6 42. b5 Rb6 43. a4 Rdb8 44. Rbc3 R6b7 45. Rc7 Rxc7 46. Rxc7 Ra8 47. b6 Rb8 48. b7 Bd8 49. Rc8 Rxb7 50. Rxd8+ Kf7 51. Ke1 Ra7 52. Kd2 Rxa4 53. Nxf4 Ke7 54. Rd6 Ra2+ 55. Ke3 Ra3+ 56. Ke4 Kf7 57. Rxe6 Ra1 58. d5 Ra4+ 59. Kf5 Ra7 60. Rxh6 Kg7 61. Rc6 Rf7+ 62. Rf6 Rxf6+ 63. exf6+ Kf7 64. d6 Ke8 65. Ke6 h5 66. f7+ Kf8 67. Kf6 h4 68. Ng6# 1-0

[Event "GER-chT U16"]
[Site "Kiel"]
[Date "2022.07.23"]
[Round "1.7"]
[White "Franzky, Julian"]
[Black "Boissel, Kasimir"]
[Result "1/2-1/2"]
[WhiteElo "1382"]
[BlackElo "1781"]
[PlyCount "76"]
[EventDate "2022.07.22"]
[EventType "team-swiss"]
[EventRounds "7"]
[EventCountry "GER"]
[SourceTitle "CBM 209 Extra"]
[Source "ChessBase"]
[SourceDate "2022.09.30"]
[SourceVersion "1"]
[SourceVersionDate "2022.09.30"]
[SourceQuality "1"]
[WhiteTeam "Tegernsee"]
[BlackTeam "Koenigsjaeger Sued West"]
[WhiteTeamCountry "GER"]
[BlackTeamCountry "GER"]

1. e4 e6 2. d4 d5 3. exd5 exd5 4. Bd3 Nf6 5. Bf4 Bd6 6. Bxd6 Qxd6 7. c3 0-0 8. Nf3 Bg4 9. 0-0 Nbd7 10. Nbd2 Rfe8 11. Qc2 Re7 12. Rfe1 Rae8 13. Kf1 c6 14. h3 Bh5 15. Re2 Bg6 16. Rae1 Rxe2 17. Rxe2 Rxe2 18. Kxe2 Qe7+ 19. Kf1 Ne4 20. Ng1 Nb6 21. f3 Nxd2+ 22. Qxd2 Bxd3+ 23. Qxd3 Nc4 24. b3 Nd6 25. Qe2 Kf8 26. Qxe7+ Kxe7 27. g4 Kf6 28. Ne2 g6 29. Kf2 a5 30. h4 h6 31. Ke3 Ke6 32. Ng3 f5 33. h5 g5 34. Kd3 b6 35. c4 f4 36. Ne2 b5 37. c5 Nf7 38. a4 b4 1/2-1/2

[Event "GER-chT U14"]
[Site "Magdeburg"]
[Date "2019.12.27"]
[Round "2.4"]
[White "Andreas, Bruno"]
[Black "Boissel, Kasimir"]
[Result "0-1"]
[WhiteElo "1447"]
[BlackElo "1638"]
[PlyCount "88"]
[EventDate "2019.12.27"]
[EventType "team-swiss"]
[EventRounds "7"]
[EventCountry "GER"]
[SourceTitle "CBM 194 Extra"]
[Source "ChessBase"]
[SourceDate "2020.03.31"]
[SourceVersion "1"]
[SourceVersionDate "2020.03.31"]
[SourceQuality "1"]
[WhiteTeam "Dresden TU"]
[BlackTeam "Koenigsjaeger Sued West"]
[WhiteTeamCountry "GER"]
[BlackTeamCountry "GER"]

1. e4 e5 2. Nf3 Nf6 3. Nxe5 d6 4. Nf3 Nxe4 5. d4 Be7 6. Bd3 d5 7. 0-0 0-0 8. Re1 Bf5 9. Bf4 Bd6 10. Bxd6 Nxd6 11. Nc3 c6 12. Bxf5 Nxf5 13. Qd3 Nd6 14. Nd2 Nd7 15. Re3 Re8 16. Rae1 Rxe3 17. Rxe3 Qf8 18. b3 Re8 19. Nf3 Re7 20. Qe2 Rxe3 21. Qxe3 Qe8 22. Qxe8+ Nxe8 23. Ne2 Nd6 24. Nc3 Nf6 25. Ne5 Nfe4 26. Nxe4 Nxe4 27. Kf1 Nc3 28. a4 Ne4 29. Ke2 Kf8 30. Nd7+ Ke7 31. Nc5 Nxc5 32. dxc5 Ke6 33. Kd3 Ke5 34. b4 f5 35. c4 g5 36. h3 h5 37. g3 dxc4+ 38. Kxc4 Ke4 39. b5 Kf3 40. Kd4 Kxf2 41. Ke5 Kxg3 42. Kxf5 Kxh3 43. Kxg5 h4 44. Kf4 Kg2 0-1